Guess the Balkan song by text Part 2 - Statistics

General Stats
  • This quiz has been taken 55 times
  • The average score is 10 of 30
Answer Stats
Text Song % Correct
Na rukama tvojim stoji prsten i sat zlatni
Kasni su sati, opet si neveran
Na mukama gorim, dodiri su alarmantni
Mi smo riskantni k'o brak i nevera...
Maya Berovic x Jala Brat & Buba Corelli - To me radi
61%
Face u separe, security kod stola
Beli džip, svi bi trip, svako bi da bude V.I.P
Dižu kredit, marketing, samo da urade hit...
Gazda Paja x THCF - Auslander
59%
Va-va-varnica, nikad samo drugarica mi nisi Starica ćeš postat', nećes znat' šta mi značila ti si... Jala Brat x Buba Corelli - Klinka
59%
Pola pet, opet stres, opеt nešto Zvoni fon, skriven broj, zove nеko... Voyage - Kartel
59%
Jurim, trčim, pijem, ja sanjam je noćima
Samo Coca Cola, viski, flaše proliva
Ja samo pijem, lomim, plaćam flaše, dolivam
Ja sam izdobijan, a ta mala robija...
Desingerica x Pljugica - Tuckavacc
57%
Kročila sam putem zločina
U samoći pola me je nestalo
Na peronu tame sam iskočila
Iz voza koji vodio te samo njoj...
Severina x Jala Brat - Otrove
55%
Da l' si s lovom il' bez love? Da l' je brlja il' je Moët?... Coby - Moja braca
52%
Ne znam šta to imam ja i šta vidiš u meni
Pa samo kad si pijana zoveš da te treznim
A tata ima firmu, vozi novu mečku
I nije prvi kome ću da pokvarim ćerku...
Djexon - Stikle na noge
50%
Gledam nju dok lomi ga i drži me za Rollie sat
Dvesto hiljada eura, ganjô sam noćima
U krevetu mi leži Sara, Marija i Sofija...
Inas - Speedfight
48%
Jer kada odeš, iako me zebe
Ja plešem, plešem, put me zove, nisam dete
Tebi treba sestra, ti bi da me merkaš
Ja plešem, plešem, put me zove...
Senidah - Misici
48%
Triple black, Double R, vozi me na novi nastup Nisam izašô iz trenda, al' sam ušo u G klasu... Biba x Seksi - Patron
45%
Oči zelene, duša crna nemirna
Ovo se ne dira ako nisam jedina
Odvedi me, ona me nervira
Srce mi lediraj i bolje ga ne diraj...
Jala Brat & Buba Corelli x Hava - Dale
45%
A još ti se nadam, samo da mi kažeš "Te quiero" Samo da mi kažeš "Tu ti amo", a ja ću da gorim kô el fuego... Valentino - El fuego
41%
Samo da si mi tu Da noćima lutamo, da se čuvamo Habibi, još ovo veče Na nebu je... Teodora - Polumesec
39%
Devedeset prva godina i baš moja ulica Majka stres max - privela me murija
Ratko nožem nam je pretio da izbušimo gume
Tad, mislio sam to je kraj, imô sam šest godina...
THCF - Sta sam kriv vam ja
39%
Hteo si da gledaš kako propadam Ali to što vidiš sad ti se ne dopada Sa mnom imao si mnogo boljih dana Žalim slučaj, ali sad sam srećna sama Nikolija - O bivsima
34%
Pa te pitam, radi reda
"Koji ti je omiljeni broj?"
Hoću da ti u dlan gledam
Da li smo jedno za drugo...
Sanja Vucic - Omadjijan
32%
Opa-opa-opa-opasan si honey bunny
Kao 007 negde u Havani
Leva ruka je na struku, desnu ne vide u tami...
Mahrina x Teodora - Aventador
27%
I na sto muka me navučeš, nisi naivna
Sve što radiš, to nije normalno
A ja još gori, ja ne bih ništa moralno Baci me...
Milan Stankovic - Trance(Trans)
25%
Snimim je, pa je zviznem, vrišti, ne jebe sistem
Izbijem stres iz iste, digne se čim ga lizne
Nove Michelin klize, mrze me, keš miriše
SMS njen stiže, SLS ne može niže...
Igor Buzov x Rasta - Dim dva
20%
A pola ganga mi ležalo unutra
A pola ganga ne dočeka ni sutra
Moj čitav gang je omerta - zakon šutnje...
Sajfer - Kodeks
20%
Grr, pa, grmi mi svaka strofa (Uh)
U ulju sam na dvijesto hiljada, igram golfa (Pa)
Htjela je Jimmy Hoffa, pare i kožna sofa
Pravo iz Off-a, do Nocci Magadavo štofa (Aaa)...
Jala Brat - Andale
18%
Vjerovala sam jednom u heroje
Bila sam na tebe slaba
Vjerovala sam jednom u nas dvoje
Možda vjerujem i sada...
Dzejla Ramovic - Ruine
14%
Ruka klizi preko tvoga boka
Zaljubljen sam u oblik tvoga tela
Radi ono što s drugim nisi htela...
In Vivo - Koka koka
9%
Upadam u nju, sve se trese
Telo njeno ne može to da podnese
Ooh, Louis V su kese
Kol'ko za noć bacim love, pala bi u nesvest...
Popov - Shakira
7%
Dugo sam čekao na dijamante i krunu
Ti me čekaš, zbog tebe noćas ne stajem, sječem punu
Neće stat', venama teče, mečava je u klubu...
Sergej Pajic - Kabul
7%
Njih pali samo keš, keš
A meni paše njegov stav, ej
Dobar je, samo laže da je gad, ej
Čuva me kô da sam kapnula na dlan...
Amna - Ti si ta
5%
Oko za oko, zub za zub
Stojim čvrsto na tlu
Kažu da vuk, mijenja dlaku, ali ne mijenja ćud
Jer ovaj vuk, mijenja jaknu, ali ne mijenja hood...
Jala Brat x Buba Corelli x Los Sin x Igor Buzov - Imamo zvuk
5%
Krv, suze i znoj k'o da nisam svoj od kad si otišla odavdeSvijet mi se srušio u danu a ja sam stajao sa strane Kad te uzeo Bog ja bih da okrenem broj samo iz raja da se jave... Klijent x Jala - Slike
5%
Jer duša mi je od betona Ništa mi ne pomaže, ja još uvek bežim od svojih demona... Pljugica - Srce od karbona
5%
No matching quizzes found
Score Distribution
Percent of People with Each Score
Percentile by Number Answered
Your Score History
You have not taken this quiz